|
|
|
|
| LEADER |
01186cam a2200373 i 4500 |
| 001 |
000046097 |
| 003 |
5367 |
| 005 |
20030310094045.0 |
| 008 |
010220|1998 vm 000 eng |
| 020 |
|
|
|a 0471149039
|
| 040 |
|
|
|a IRC
|c IRC
|d IRC
|
| 041 |
0 |
|
|a eng
|
| 082 |
1 |
4 |
|a 620.136
|b PO-S
|
| 100 |
1 |
|
|a Popovics, Sandor,
|d 1921-
|
| 245 |
0 |
0 |
|a Strength and related properties of concrete :
|b a quantitative approach /
|c Sandor Popovics, 1921-
|
| 260 |
|
|
|a New York :
|b John Wiley and Sons,
|c 1998.
|
| 300 |
|
|
|a xiv, 535p. :
|b ill.
|
| 630 |
0 |
4 |
|a Concrete.
|
| 630 |
0 |
4 |
|a Cement.
|
| 650 |
0 |
4 |
|a Concrete
|x Testing.
|
| 650 |
0 |
4 |
|a Concrete
|x Mechanical properties.
|
| 650 |
0 |
4 |
|a Cement.
|
| OWN |
|
|
|a DUT
|
| AVA |
|
|
|a UDN50
|b DUT
|c Book
|d 620.136 PO-S
|e available
|t Error 5001 Not defined in file expand_doc_bib_avail.
|f 1
|g 0
|h N
|i 0
|j SH
|k 1
|
| 999 |
|
|
|a From the UDN01
|
| AVA |
|
|
|a UDN50
|b DUT
|c Book
|d 620.136 PO-S
|e available
|t Error 5001 Not defined in file expand_doc_bib_avail.
|f 1
|g 0
|h N
|i 0
|j SH
|k 1
|
| TYP |
|
|
|a Monograph
|
| TYP |
|
|
|a Printed language
|
| 980 |
|
|
|a Mạng thư viện Đại học Đà Nẵng
|